Agenda 2000 - pokračování v reformě společné zemědělské politiky EU

Rozširovanie Európskej únie (EÚ) o nových členov zo strednej a východnej Európy. Vývoj a reformy spoločnej poľnohospodárskej politiky v rokoch 1957-1999. Riešenie problému EÚ a eliminácia jeho dopadu na zvyšovanie nákladov spoločnej poľnohospodárskej politiky.

Na minha lista:
Detalhes bibliográficos
Autor principal: Lacina, Lubor
Outros Autores: Šild, Jan
Formato: Capítulo de Livro
Idioma:tcheco
Assuntos:
Tags: Adicionar Tag
Sem tags, seja o primeiro a adicionar uma tag!

MARC

LEADER 00000naa a2200000 4500
001 r038191
005 20230922111720.6
041 0 |a cze 
044 |a CZ 
245 1 0 |a Agenda 2000 - pokračování v reformě společné zemědělské politiky EU  |c L. Lacina, J. Šild 
520 |a Rozširovanie Európskej únie (EÚ) o nových členov zo strednej a východnej Európy. Vývoj a reformy spoločnej poľnohospodárskej politiky v rokoch 1957-1999. Riešenie problému EÚ a eliminácia jeho dopadu na zvyšovanie nákladov spoločnej poľnohospodárskej politiky. 
610 2 0 |a politika poľnohospodárska 
610 2 0 |a reformy poľnohospodárske 
610 2 0 |a Európska únia 
610 2 0 |a SVE 
610 2 0 |a Agenda 2000 
610 2 0 |a náklady 
100 1 |a Lacina, Lubor 
700 1 |a Šild, Jan